000 00534nam a2200181Ia 4500
003 OSt
005 20240403152002.0
008 210210b1962 xxu||||| |||| 00| 0 eng d
040 _cAL
041 _aKannada
082 _a856/80
100 _aRANGANATHAN (S R) ರಂಗನಾಥನ್ ಎಸ್ ಆರ್
_9158133
245 _aGranthalaya kaipidi
_bಗ್ರಂಥಾಲಯ ಕೈಪಿಡಿ
260 _aBengaluru
_bVidya Prakashan
_c1962
690 _aKannada Miscellaneous
_9158138
906 _a020329
942 _2ddc
_cBK
999 _c144480
_d144480